Logo BPK

Biblioteka

Politechniki Koszalińskiej

Kinematyka obrabiarek / (Rekord nr 6420)

Szczegóły MARC
000 -ETYKIETA REKORDU
podpole kontrolne o stałej długości 00469nam a2200169 i 4500
001 - NUMER KONTROLNY REKORDU
pole kontrolne bg
040 ## - ŹRÓDŁO KATALOGOWANIA
Instytucja, która utworzyła rekord BPK
041 ## - KOD JĘZYKA
Kod języka tekstu pol
080 ## - UNIWERSALNA KLASYFIKACJA DZIESIĘTNA - UKD
UKD 621.9:531.1](075.8)
008 - POLE O STAŁEJ DŁUGOŚCI - DANE KONTROLNE
podpole kontrolne o stałej długości s pl f |000 0 pol
100 1# - NAZWA OSOBOWA
Nazwa osobowa BUREK, Jan
245 #0 - TYTUŁ/ODPOWIEDZIALNOŚĆ
Tytuł Kinematyka obrabiarek /
Pozostałe elementy strefy tytułu i oznaczenia odpowiedzialności Jan Burek.
260 ## - STREFA ADRESU WYDAWNICZEGO
Miejsce wydania Rzeszów,
Data publikacji, dystrybucji/powstania dokumentu 1991
Miejsce wydania Politechnika Rzeszowska im. Ignacego Łukasiewicza.
300 ## - STREFA OPISU FIZYCZNEGO
Objętość 217, [1] s. :
Inne cechy fizyczne rys., wykr. ;
Rozmiary 23 cm.
504 ## - UWAGA DOTYCZĄCA BIBLIOGRAFII
Informacje o bibliografii Bibliogr. s. [218].
856 ## - LOKALIZACJA I DOSTĘP DO ELEKTRONICZNYCH DOKUMENTÓW ZDALNYCH
Link (URL) http://koha.tu.koszalin.pl/cgi-bin/koha/opac-detail.pl?biblionumber=6420
Tekst linku Katalog online BPK
942 ## - DODATKOWE ELEMENTY (KOHA)
Typ dokumentu Książka
Egzemplarze
Wycofany Status egzemplarza Uszkodzony Dostępność Lokalizacja stała Lokalizacja bieżąca Miejsce przechowywania Sygnatura Kod kreskowy Typ dokumentu
      Dostępny Biblioteka Politechniki Koszalińskiej Biblioteka Politechniki Koszalińskiej Wypożyczalnia BG P 47150 01622973 Książka
© 2023 Biblioteka Politechniki Koszalińskiej :: KOHA